| 000 | 00505nam a22001817a 4500 | ||
|---|---|---|---|
| 005 | 20170531154110.0 | ||
| 010 | _aENG-118490 | ||
| 020 |
_a9788185990064 _c75.00 |
||
| 035 | _aEN-102022 | ||
| 037 | _bDBAD/PUB | ||
| 082 | _a270 | ||
| 100 | _aGoel, Sita Ram | ||
| 245 |
_aIslam vis-a-vis Hindu temples / _cby Sita Ram Goel |
||
| 260 |
_aNew Delhi _bVoice Of India _c2009 |
||
| 270 | _a2/18, Ansari Road, New Delhi-110002 | ||
| 300 |
_a66p _c22cm.(pbk) |
||
| 942 |
_2ddc _cEN _h270 _mGOE |
||
| 999 |
_c140628 _d140628 |
||